000 01026nam a22002537a 4500
999 _c10378
_d10378
001 10378
003 BD-JhCC
005 20211118134021.0
008 180425b20132009bg ||||| |||| 00| 0 eng d
020 _a9847025000179
035 _a(BD-JhCC)10378
040 _aBD-JhCC
_dBD-JhCC
041 _aeng
082 _a297.38
_bFOY 2013
100 _aফয়সাল, ড. শাইখ মুহাম্মদ ইলিয়াস
245 _aনবীজীর নামায /
_cড. শাইখ মুহাম্মদ ইলিয়াস ফয়সাল, মাওলানা মুহাম্মাদ যাকারিয়া আব্দুল্লাহ (অনু.)
260 _aঢাকা :
_bমাকতাবাতুল আশরাফ,
_c2013.
300 _a488 p. :
_c22 cm.
650 _aSalat
651 _aPrayer
700 _aআব্দুল্লাহ, মাওলানা মুহাম্মাদ যাকারিয়া
942 _2ddc
_cBK
_021